[Event "AUTO-OPEN-216"]
[Site "http://www.queenalice.com/game.php?id=169663"]
[Date "2007.2.16"]
[Round "3"]
[White "Renatov"]
[Black "Alarasu"]
[Result "0-1"]
[WhiteElo "1839"]
[BlackElo "2241"]

1. e4 e5 2. Nf3 Nf6 3. Nxe5 d6 4. Nc4 Nxe4 5. Qe2 Qe7 6. d3 Nf6 7. Bg5 Qxe2+ 8.
Bxe2 Be7 9. Nc3 Bd7 10. O-O-O h6 11. Bh4 Nc6 12. d4 O-O-O 13. h3 Ne4 14. Bxe7
Nxc3 15. Bxd8 Nxe2+ 16. Kd2 Nf4 17. Bh4 Nxg2 18. Bg3 Nxd4 19. c3 Nf3+ 20. Ke2
Re8+ 21. Kxf3 Bc6+ 22. Kg4 Re4+ 23. Kf5 Rxc4 24. Rhg1 Bd7# 0-1

[Event "AUTO-OPEN-216"]
[Site "http://www.queenalice.com/game.php?id=169664"]
[Date "2007.2.16"]
[Round "3"]
[White "Alarasu"]
[Black "muppyman"]
[Result "1-0"]
[WhiteElo "2227"]
[BlackElo "1910"]

1. e4 e6 2. d4 d5 3. Nc3 Bb4 4. e5 c5 5. a3 Bxc3+ 6. bxc3 Nc6 7. Qg4 g6 8. a4
Bd7 9. Qf4 cxd4 10. cxd4 Qb6 11. Nf3 Qb4+ 12. Qd2 Qxd2+ 13. Bxd2 O-O-O 14. Bd3
Nge7 15. Bg5 Rde8 16. Bf6 Rhg8 17. c3 Kb8 18. Ng5 Nf5 19. g4 Nh6 20. Be2 Na5 21.
Nxh7 Rc8 22. Bg5 Rh8 23. Nf6 Be8 24. h4 Nc4 25. h5 Bc6 26. hxg6 fxg6 27. Rxh6
Rxh6 28. Bxh6 Rh8 29. g5 Nb2 30. Bg4 Nxa4 31. Kd2 Nb6 32. Bxe6 1-0

[Event "AUTO-OPEN-216"]
[Site "http://www.queenalice.com/game.php?id=169665"]
[Date "2007.2.16"]
[Round "3"]
[White "muppyman"]
[Black "Alarasu"]
[Result "0-1"]
[WhiteElo "1941"]
[BlackElo "2229"]

1. e4 e5 2. Nf3 Nf6 3. Nxe5 d6 4. Nf3 Nxe4 5. d3 Nf6 6. Be2 g6 7. O-O Bg7 8. Re1
O-O 9. d4 Re8 10. c3 Nc6 11. Nbd2 h6 12. Nf1 Be6 13. Bd2 Qd7 14. Ng3 Ne7 15. Bd3
c6 16. Ne4 Nxe4 17. Bxe4 Nd5 18. Rb1 Nf6 19. Bc2 Bxa2 20. Rxe8+ Nxe8 21. Ra1 Bd5
22. Qe2 b5 23. Re1 Nf6 24. Bd1 a5 25. h3 Bc4 26. Qe7 Qxe7 27. Rxe7 a4 28. Rc7 a3
29. bxa3 Rxa3 30. Rxc6 Ra1 31. Rxd6 Rxd1+ 32. Be1 Ne4 33. Rd8+ Kh7 34. Kh2 Ng5
35. Bd2 Nxf3+ 36. gxf3 Rxd2 0-1

[Event "Spike"]
[Site "http://www.queenalice.com/game.php?id=194452"]
[Date "2007.4.10"]
[Round "3"]
[White "Alarasu"]
[Black "tonyalme"]
[Result "1-0"]
[WhiteElo "2204"]
[BlackElo "2217"]

1. e4 c5 2. Nf3 e6 3. d4 cxd4 4. Nxd4 a6 5. Bd3 Bc5 6. Nb3 Ba7 7. Qe2 Nf6 8. e5
Nd5 9. Qg4 g6 10. Qg3 Nc6 11. N1d2 O-O 12. c4 Nde7 13. Nf3 f6 14. Bh6 Nb4 15.
Be4 Re8 16. exf6 Nf5 17. Qg5 Qc7 18. h4 d5 19. h5 dxe4 20. hxg6 Nd3+ 21. Kd2
exf3 22. f7+ Qxf7 23. gxf7+ Kxf7 24. Qh5+ Ke7 25. Bg5+ Kd7 26. Kxd3 Re7 27. Bxe7
Nxe7 28. Qxf3 h5 29. Rad1 Bxf2 30. Rxh5 e5 31. Rxe5 Bd4 32. Nxd4 1-0

[Event "Spike"]
[Site "http://www.queenalice.com/game.php?id=211576"]
[Date "2007.5.16"]
[Round "4"]
[White "gbsalvio"]
[Black "Alarasu"]
[Result "1-0"]
[WhiteElo "2420"]
[BlackElo "2248"]

1. Nc3 c5 2. Nf3 Nc6 3. e4 e6 4. d4 cxd4 5. Nxd4 Nf6 6. Ndb5 d6 7. Bf4 e5 8. Bg5
a6 9. Bxf6 gxf6 10. Na3 b5 11. Nd5 f5 12. Bxb5 axb5 13. Nxb5 Ra4 14. c4 Rxc4 15.
O-O Be7 16. Rc1 Rxc1 17. Qxc1 Bb7 18. Qh6 Nd4 19. Nxd4 exd4 20. Qg7 Rf8 21. Qxh7
fxe4 22. Qxe4 Rg8 23. Nf6+ Kf8 24. Nh7+ Kg7 25. Qxb7 Kxh7 26. Re1 Re8 27. Qe4+
Kg8 28. Qg4+ Kf8 29. Qxd4 Bf6 30. Rxe8+ Kxe8 31. Qe4+ Kf8 32. Qb4 Qe7 33. h3 d5
34. Qxe7+ Kxe7 35. b3 Kd6 36. Kf1 Kc5 37. Ke2 Kd4 38. Kd2 Bd8 39. Kc2 1-0

[Event "Torneo Argentino"]
[Site "http://www.queenalice.com/game.php?id=216199"]
[Date "2007.5.25"]
[Round "2"]
[White "Alarasu"]
[Black "sutra"]
[Result "1-0"]
[WhiteElo "2222"]
[BlackElo "1926"]

1. e4 e5 2. Nf3 Nc6 3. Bb5 a6 4. Ba4 Nf6 5. O-O Nxe4 6. d4 b5 7. Bb3 d5 8. dxe5
Be6 9. Nbd2 Nc5 10. c3 d4 11. Bxe6 Nxe6 12. cxd4 Ncxd4 13. a4 Bb4 14. axb5 Nxb5
15. Qb3 Qe7 16. Ne4 O-O 17. Neg5 h6 18. Nxe6 fxe6 19. Be3 c5 20. Qc4 Rfd8 21.
Qg4 Kh8 22. Bg5 hxg5 23. Qh5+ 1-0

[Event "Challenge"]
[Site "http://www.queenalice.com/game.php?id=223314"]
[Date "2007.6.10"]
[Round "-"]
[White "Alarasu"]
[Black "kinabkab_na_puke"]
[Result "1-0"]
[WhiteElo "2225"]
[BlackElo "1623"]

1. e4 e5 2. Nf3 d6 3. d4 exd4 4. Nxd4 Nf6 5. Nc3 c5 6. Bb5+ Bd7 7. Nf5 a6 8.
Bxd7+ Nbxd7 9. Bf4 Ne5 10. Bg5 h6 11. Bxf6 Qxf6 12. f4 Nc4 13. Nd5 Qd8 14. O-O
g6 15. Qd3 gxf5 16. Qc3 Rg8 17. Nf6+ Ke7 18. Nxg8+ Kd7 19. Qxc4 Qe8 20. Nf6+ Kd8
21. Nxe8 Kxe8 22. Qd5 Rb8 23. Rfe1 1-0

[Event "Torneo Argentino"]
[Site "http://www.queenalice.com/game.php?id=295414"]
[Date "2007.10.30"]
[Round "3"]
[White "Petrozan"]
[Black "Alarasu"]
[Result "1/2-1/2"]
[WhiteElo "2232"]
[BlackElo "2232"]

1. e4 e5 2. Nf3 Nf6 3. Nc3 Nc6 4. Bb5 Nd4 5. Ba4 Bc5 6. Nxe5 O-O 7. Nd3 Bb6 8.
e5 Ne8 9. O-O d6 10. Re1 c6 11. Ne4 Qh4 12. Kh1 Bf5 13. f3 d5 14. g3 Qe7 15.
Nef2 Rd8 16. c3 Ne6 17. b4 N8c7 18. Ba3 Rd7 19. Qe2 Rfd8 20. Bb3 Bxf2 21. Nxf2
a5 22. g4 Bg6 23. Bb2 axb4 24. cxb4 1/2-1/2

[Event "Challenge"]
[Site "http://www.queenalice.com/game.php?id=296064"]
[Date "2007.10.31"]
[Round "-"]
[White "gipmachado"]
[Black "Alarasu"]
[Result "1/2-1/2"]
[WhiteElo "2321"]
[BlackElo "2237"]

1. e4 e5 2. Bc4 Nf6 3. d3 Nc6 4. Nc3 Na5 5. Bb3 Nxb3 6. axb3 d6 7. Nge2 Be7 8.
O-O O-O 9. f4 c5 10. Qe1 Be6 11. Qg3 Nh5 12. Qf3 Nxf4 13. Nxf4 exf4 14. Bxf4 a5
15. Ra2 Re8 16. Nb5 Ra6 17. c4 Bf6 18. Bd2 Be5 19. Bc3 Rf8 20. Qe3 Bd7 21. Bxe5
dxe5 22. Nc3 Rg6 23. Nd5 b6 24. b4 axb4 25. Ra7 Kh8 26. Rb7 h6 27. Qf3 Kh7 28.
Qe3 1/2-1/2

[Event "Challenge"]
[Site "http://www.queenalice.com/game.php?id=296065"]
[Date "2007.10.31"]
[Round "-"]
[White "Alarasu"]
[Black "gipmachado"]
[Result "1/2-1/2"]
[WhiteElo "2240"]
[BlackElo "2318"]

1. e4 e5 2. Nf3 Nc6 3. Bb5 a6 4. Ba4 Nf6 5. O-O Nxe4 6. d4 b5 7. Bb3 d5 8. dxe5
Be6 9. Nbd2 Nc5 10. c3 Nxb3 11. Nxb3 Be7 12. Nfd4 Qd7 13. Bf4 O-O 14. Qf3 Rfe8
15. Rfe1 Nd8 16. Qg3 Kh8 17. Rad1 c5 18. Nxe6 fxe6 19. Qg4 Rf8 20. Re3 Rf5 21.
Rg3 Bf8 22. Be3 c4 23. Nd4 Rxe5 24. Nf3 Rf5 25. Nh4 Rf6 26. Bd4 Rf7 27. Nf3 Rf5
1/2-1/2

[Event "Challenge"]
[Site "http://www.queenalice.com/game.php?id=313042"]
[Date "2007.11.30"]
[Round "-"]
[White "PeterCamargo"]
[Black "Alarasu"]
[Result "1-0"]
[WhiteElo "2288"]
[BlackElo "2253"]

1. d4 Nf6 2. c4 e6 3. Nf3 b6 4. g3 Bb7 5. Bg2 c5 6. d5 exd5 7. Nh4 g6 8. O-O Bg7
9. Nc3 O-O 10. cxd5 d6 11. e4 Nbd7 12. a4 Qe7 13. Re1 c4 14. Bf1 Ne5 15. f4 Nd3
16. Bxd3 cxd3 17. Qxd3 Nd7 18. Nf3 Nc5 19. Qd1 Bc8 20. Ra3 Bg4 21. b4 Na6 22.
Na2 Rae8 23. Rae3 Qd7 24. Qb3 Nc7 25. b5 a6 26. Nc3 axb5 27. axb5 Ra8 28. e5
Bxf3 29. Rxf3 Ra1 30. Rff1 Re8 31. Qb4 Rc8 32. Ba3 Rxe1 33. Rxe1 dxe5 34. fxe5
Nxd5 35. Qd6 Qxd6 36. exd6 Bd4+ 37. Kh1 Nf6 38. Nd5 Ra8 39. Nxf6+ Bxf6 40. Bc1
Rd8 41. Rd1 Be5 42. Be3 Rxd6 43. Rxd6 Bxd6 44. Bxb6 Kf8 45. Kg2 f5 46. Kf3 Ke7
47. Be3 Kd7 48. Bh6 Bc5 49. Bf4 Be7 50. Ke2 1-0

[Event "Challenge"]
[Site "http://www.queenalice.com/game.php?id=315914"]
[Date "2007.12.6"]
[Round "-"]
[White "Alarasu"]
[Black "stress"]
[Result "1-0"]
[WhiteElo "2232"]
[BlackElo "2015"]

1. e4 e5 2. Nf3 d6 3. d4 exd4 4. Nxd4 Nf6 5. Nc3 Be7 6. Be2 O-O 7. O-O c6 8. Qd3
Bg4 9. Bxg4 Nxg4 10. Qg3 Ne5 11. Nf5 Ng6 12. Rd1 Re8 13. Nxd6 Bxd6 14. Rxd6 Qe7
15. h4 Nd7 16. h5 Nge5 17. Bh6 g6 18. Rad1 Rad8 19. hxg6 fxg6 20. Bg5 Qf8 21.
Bxd8 1-0

[Event "Challenge"]
[Site "http://www.queenalice.com/game.php?id=315915"]
[Date "2007.12.6"]
[Round "-"]
[White "stress"]
[Black "Alarasu"]
[Result "0-1"]
[WhiteElo "1944"]
[BlackElo "2242"]

1. e4 e5 2. Nf3 Nf6 3. d3 Nc6 4. Be2 d5 5. exd5 Nxd5 6. O-O Bd6 7. Bd2 O-O 8.
Bg5 Be7 9. Bxe7 Qxe7 10. c3 Rd8 11. Nbd2 Nf4 12. Re1 Bf5 13. Qb3 Bxd3 14. Bxd3
Nxd3 15. Re3 Rab8 16. Nc4 e4 17. Ne1 Nf4 18. Qc2 f5 19. Nd2 Qe6 20. g3 Nh3+ 21.
Kg2 Qh6 22. Nf1 Ne5 23. f3 exf3+ 24. Nxf3 Nxf3 25. Rxf3 Qc6 26. Qxf5 Rf8 27.
Qxf8+ Rxf8 0-1

[Event "Lasker vs Capablanca"]
[Site "http://www.queenalice.com/game.php?id=322267"]
[Date "2007.12.18"]
[Round "-"]
[White "Mirok"]
[Black "Alarasu"]
[Result "1/2-1/2"]
[WhiteElo "2259"]
[BlackElo "2246"]

1. e4 e5 2. Nf3 Nf6 3. Nxe5 d6 4. Nf3 Nxe4 5. d4 d5 6. Bd3 Nc6 7. O-O Be7 8. c4
Nb4 9. Be2 O-O 10. Nc3 Be6 11. Be3 Bf5 12. Rc1 dxc4 13. Bxc4 c6 14. Ne5 Nxc3 15.
bxc3 Nd5 16. Qf3 Be6 17. Bd2 f6 18. Nd3 Qd7 19. Rfe1 Bd6 20. h3 Rae8 21. Bb3 Bf7
22. Qg4 Be6 23. Qh5 Bf7 24. Qg4 Be6 25. Qh5 Bf7 26. Qg4 1/2-1/2

[Event "Challenge"]
[Site "http://www.queenalice.com/game.php?id=356501"]
[Date "2008.2.18"]
[Round "-"]
[White "Alarasu"]
[Black "Gera"]
[Result "1-0"]
[WhiteElo "2250"]
[BlackElo "1946"]

1. e4 e5 2. Nf3 d6 3. d4 exd4 4. Nxd4 Bd7 5. Bc4 Nc6 6. Nc3 Nf6 7. O-O Be7 8.
Re1 O-O 9. h3 Ne5 10. Bf1 Ne8 11. Be3 c6 12. f4 Ng6 13. Nf5 Bf6 14. Nxd6 Nxd6
15. Qxd6 Be7 16. Qd1 Qc7 17. g3 Rfd8 18. Qh5 b5 19. Ne2 c5 20. Nc3 a6 21. Nd5
Qc6 22. f5 Bd6 23. fxg6 fxg6 24. Qg5 Re8 25. Bg2 Re5 26. Qxe5 Qxd5 27. Qxd5+ 1-0

[Event "Match Lasker Vs Bronstein"]
[Site "http://www.queenalice.com/game.php?id=363295"]
[Date "2008.2.29"]
[Round "-"]
[White "Alarasu"]
[Black "Toivop"]
[Result "1-0"]
[WhiteElo "2242"]
[BlackElo "2236"]

1. e4 d6 2. d4 g6 3. Nc3 Bg7 4. f4 c6 5. Nf3 Bg4 6. Be3 Qb6 7. Qd2 Qxb2 8. Rb1
Qa3 9. Rxb7 Nd7 10. Bb5 cxb5 11. Nxb5 Qxa2 12. Nc7+ Kd8 13. Nxa8 Qa6 14. Rb1
Ngf6 15. Ng5 Rf8 16. c4 h6 17. e5 Bf5 18. exf6 exf6 19. Rc1 fxg5 20. O-O Be4 21.
Ra1 Qb7 22. fxg5 hxg5 23. Qa5+ Kc8 24. Qxa7 f5 25. Qa5 f4 26. Bf2 Rf5 27. Qa3
Bf8 28. d5 Kd8 29. Qc3 Re5 30. Ra7 Qc8 31. Nb6 Nxb6 32. Bxb6+ Ke8 33. Qa1 Re7
34. Ra8 Qxa8 35. Qxa8+ Kf7 36. Bd8 Re8 37. Qa7+ 1-0

[Event "Torneo Argentino"]
[Site "http://www.queenalice.com/game.php?id=377028"]
[Date "2008.3.25"]
[Round "4"]
[White "Pentotal"]
[Black "Alarasu"]
[Result "1-0"]
[WhiteElo "2257"]
[BlackElo "2262"]

1. e4 e5 2. Nf3 Nf6 3. Nxe5 d6 4. Nf3 Nxe4 5. d4 d5 6. Bd3 Nc6 7. O-O Be7 8. c4
Nb4 9. cxd5 Nxd3 10. Qxd3 Qxd5 11. Re1 Bf5 12. Ne5 g6 13. Nc3 Nxc3 14. Qxc3
O-O-O 15. Bh6 Rde8 16. Rac1 Bd8 17. Red1 Kb8 18. Bf4 g5 19. Bg3 Rhg8 20. Nc4 Bc8
21. Ne3 Qd7 22. b4 h5 23. d5 h4 24. Be5 Rg6 25. d6 Rxe5 26. Qxe5 Rxd6 27. Rxd6
Qxd6 28. Qxd6 cxd6 29. Rd1 Be6 30. Rxd6 Be7 31. Rd4 Bxa2 32. Nd5 Bxd5 33. Rxd5
Kc7 34. b5 f6 35. Kf1 Kb6 36. Ke2 Bc5 37. f4 gxf4 38. Rh5 Kxb5 39. Rxh4 Bd6 40.
Rh8 Ka4 41. h4 b5 42. h5 1-0

[Event "Challenge"]
[Site "http://www.queenalice.com/game.php?id=415336"]
[Date "2008.6.9"]
[Round "-"]
[White "Alarasu"]
[Black "Kiwizany"]
[Result "1-0"]
[WhiteElo "2254"]
[BlackElo "2123"]

1. e4 c6 2. d4 d5 3. Nc3 dxe4 4. Nxe4 Nd7 5. Bc4 Nb6 6. Bb3 Nf6 7. Nxf6+ exf6 8.
Qh5 g6 9. Qe2+ Be7 10. Bh6 a5 11. a3 a4 12. Ba2 Qxd4 13. Nf3 Qxb2 14. O-O Qb5
15. c4 Qc5 16. Bg7 Rg8 17. Bxf6 Be6 18. Bd4 Bxc4 19. Qe1 Qd6 20. Bxb6 Bxf1 21.
Qxf1 Rg7 22. Rd1 Qxa3 23. Qe2 h6 24. Ne5 Qb4 25. Nd7 Qb5 26. Qe3 Qf5 27. Bc5 f6
28. Bb1 Qxd7 29. Bxg6+ 1-0

[Event "Challenge"]
[Site "http://www.queenalice.com/game.php?id=479113"]
[Date "2008.10.18"]
[Round "-"]
[White "Magico"]
[Black "Alarasu"]
[Result "0-1"]
[WhiteElo "1667"]
[BlackElo "2250"]

1. d4 Nf6 2. Bg5 e6 3. Bxf6 Qxf6 4. c3 d5 5. e3 c5 6. Bb5+ Nc6 7. Bxc6+ bxc6 8.
Qa4 Bd7 9. Qb3 Qg6 10. g3 Qe4 11. f3 Qxe3+ 12. Ne2 a5 13. Qb7 Rc8 14. Qb6 Bd6
15. Qxa5 Rb8 16. b4 cxd4 17. cxd4 Bxb4+ 18. Qxb4 Rxb4 19. a3 Rb2 20. Nc3 Rc2 21.
Kf1 Qxf3+ 22. Kg1 Qe3+ 23. Kf1 e5 24. Rc1 Bh3+ 25. Ke1 Rxc1+ 26. Nd1 Bg4 0-1

[Event "Torneo Argentino"]
[Site "http://www.queenalice.com/game.php?id=489007"]
[Date "2008.11.6"]
[Round "5"]
[White "Alarasu"]
[Black "Netferatu"]
[Result "1/2-1/2"]
[WhiteElo "2251"]
[BlackElo "2165"]

1. e4 c5 2. Nf3 Nc6 3. d4 cxd4 4. Nxd4 Nf6 5. Nc3 d6 6. Bg5 e6 7. Qd2 a6 8.
O-O-O h6 9. Be3 Be7 10. f4 Bd7 11. h3 b5 12. Bd3 Nxd4 13. Bxd4 Bc6 14. Kb1 b4
15. Ne2 O-O 16. Qe3 Nd7 17. Qf3 Qa5 18. h4 e5 19. Be3 f5 20. Bc4+ Kh8 21. Bd5
fxe4 22. Bxe4 Bxe4 23. Qxe4 Nf6 24. Qg6 Qb5 25. fxe5 dxe5 26. Ng3 Qe8 27. Qf5
Qb5 28. Qg6 Qe8 29. Qf5 Qb5 30. Qg6 1/2-1/2